Анализ акустических свойств системы Y-Ba-Cu-O; Сверхпроводимость: физика, химия, техника; Т. 2, № 9

Bibliographic Details
Parent link:Сверхпроводимость: физика, химия, техника: научный журнал/ Российская Федерация, Министерство науки и технической политики; Курчатовский институт.— , 1989-1994.— 0131-5366
Т. 2, № 9.— 1989.— С. 119-127
Main Author: Беломестных В. Н. Владимир Николаевич
Other Authors: Хасанов О. Л. Олег Леонидович, Кон-Сю Ю
Language:Russian
Published: 1989
Subjects:
Format: Book Chapter
KOHA link:https://koha.lib.tpu.ru/cgi-bin/koha/opac-detail.pl?biblionumber=533046

MARC

LEADER 00000naa2a2200000 4500
001 533046
005 20251202101456.0
035 |a (RuTPU)RU\TPU\prd\220542 
035 |a RU\TPU\tpu\20077 
090 |a 533046 
100 |a 20140623b1989 k y0rusy50 ca 
101 0 |a rus 
102 |a RU 
200 1 |a Анализ акустических свойств системы Y-Ba-Cu-O  |f В. Н. Беломестных, О. Л. Хасанов, Ю Кон-Сю 
461 0 |0 (RuTPU)RU\TPU\prd\339  |x 0131-5366  |t Сверхпроводимость: физика, химия, техника  |o научный журнал  |f Российская Федерация, Министерство науки и технической политики; Курчатовский институт  |d 1989-1994 
463 0 |0 (RuTPU)RU\TPU\prd\220541  |t Т. 2, № 9  |v С. 119-127  |d 1989 
610 1 |a труды учёных ТПУ 
700 1 |a Беломестных  |b В. Н.  |c физик, физико-химик  |c профессор Юргинского технологического института (филиал) Томского политехничесого университета  |f 1939-  |g Владимир Николаевич  |3 (RuTPU)RU\TPU\pers\25113 
701 1 |a Хасанов  |b О. Л.  |c физик, специалист в области наноматериалов  |c профессор Томского политехнического университета, доктор технических наук  |c директор Нано-Центра ТПУ, заведующий кафедрой наноматериалов и нанотехнологий  |f 1958-  |g Олег Леонидович  |3 (RuTPU)RU\TPU\pers\26436  |4 070  |9 12140 
701 1 |a Кон-Сю  |g Ю 
801 1 |a RU  |b 63413507  |c 20110927 
801 2 |a RU  |b 63413507  |c 20140623  |g RCR 
942 |c BK